[Event "Toronto Closed-C"]
[Site "Toronto CAN"]
[Date "2022.11.14"]
[Round "5"]
[White "Hanratty, Brian"]
[Black "Grisar, Charles"]
[Result "1-0"]
[WhiteElo "1917"]
[BlackElo "1911"]
[PlyCount "75"]
[EventDate "2022.09.12"]
[EventType "tourn"]
[EventRounds "9"]
[EventCountry "CAN"]

1. f4 e6 2. Nf3 d5 3. e3 Nf6 4. Be2 c5 5. d3 Nc6 6. O-O h5 7. Nc3 d4 8. Ne4 Ng4
9. Qe1 Nxe3 10. Bxe3 dxe3 11. Bd1 e2 12. Qxe2 Nd4 13. Qe1 Nxf3+ 14. Bxf3 Qd4+
15. Kh1 Qxb2 16. f5 Be7 17. Qe2 Qe5 18. fxe6 Bxe6 19. Rab1 Rb8 20. c4 g5 21.
Qf2 g4 22. Bd1 Kd8 23. Re1 Bd6 24. Nxd6 Qxd6 25. Ba4 Kc7 26. Red1 Qd4 27. Qg3+
Qd6 28. Qe3 Rbd8 29. Qe4 b6 30. d4 f5 31. Qe1 cxd4 32. c5 bxc5 33. Qa5+ Qb6 34.
Rxb6 axb6 35. Qa7+ Kd6 36. Qxb6+ Ke7 37. Qxc5+ Kf7 38. Bb3 1-0

[Event "Toronto Closed-C"]
[Site "Toronto CAN"]
[Date "2022.10.17"]
[Round "5"]
[White "Wang, Bingfei"]
[Black "Bergeron, Matthew"]
[Result "0-1"]
[WhiteElo "1926"]
[BlackElo "1975"]
[PlyCount "40"]
[EventDate "2022.09.12"]
[EventType "tourn"]
[EventRounds "9"]
[EventCountry "CAN"]

1. d4 Nf6 2. c4 e6 3. Nf3 b6 4. e3 Bb7 5. Nc3 d5 6. Be2 Be7 7. O-O O-O 8. b3
Ne4 9. Nxe4 dxe4 10. Nd2 c5 11. dxc5 Bf6 12. Rb1 bxc5 13. Qc2 Be5 14. Nxe4
Bxh2+ 15. Kxh2 Qh4+ 16. Kg1 Qxe4 17. Qxe4 Bxe4 18. Rb2 a5 19. f3 Bg6 20. Bd2
Nc6 0-1

[Event "Toronto Closed-C"]
[Site "Toronto CAN"]
[Date "2022.10.24"]
[Round "6"]
[White "Boross-Harmer, Peter"]
[Black "Guan, Daniel"]
[Result "1/2-1/2"]
[WhiteElo "1916"]
[BlackElo "1872"]
[PlyCount "50"]
[EventDate "2022.09.12"]
[EventType "tourn"]
[EventRounds "9"]
[EventCountry "CAN"]

1. d4 Nf6 2. Nf3 g6 3. g3 Bg7 4. Bg2 O-O 5. O-O d6 6. c4 Nbd7 7. Nc3 e5 8. dxe5
dxe5 9. Qc2 c6 10. Bg5 Qc7 11. Rad1 Nc5 12. e4 Be6 13. b3 Bg4 14. h3 Bxf3 15.
Bxf3 Ne6 16. Bxf6 Bxf6 17. Kg2 Rad8 18. Rxd8 Rxd8 19. Rd1 Nd4 20. Qc1 Kg7 21.
h4 h5 22. Ne2 Qb6 23. Ng1 Be7 24. Nh3 Nxf3 25. Kxf3 Rd4 1/2-1/2

[Event "Toronto Closed-C"]
[Site "Toronto CAN"]
[Date "2022.10.24"]
[Round "6"]
[White "Gauthier, David"]
[Black "Mohan, Abhinandan"]
[Result "0-1"]
[WhiteElo "1866"]
[BlackElo "1933"]
[PlyCount "47"]
[EventDate "2022.09.12"]
[EventType "tourn"]
[EventRounds "9"]
[EventCountry "CAN"]

1. e4 c5 2. Nf3 d6 3. d4 cxd4 4. Nxd4 Nf6 5. Nc3 a6 6. Be3 e5 7. Nb3 Be6 8. f3
Nbd7 9. Qd2 Rc8 10. g4 b5 11. g5 b4 12. Na4 Nh5 13. Bxa6 Rb8 14. O-O-O Be7 15.
h4 O-O 16. Qd3 Qc7 17. Bb5 Nf4 18. Bxf4 exf4 19. Bxd7 Bxd7 20. e5 d5 21. Nac5
Bxc5 22. Qxd5 Be3+ 23. Kb1 Bf5 24. Ka1 0-1

[Event "Toronto Closed-C"]
[Site "Toronto CAN"]
[Date "2022.11.09"]
[Round "6"]
[White "Grisar, Charles"]
[Black "Wang, Bingfei"]
[Result "1-0"]
[WhiteElo "1911"]
[BlackElo "1926"]
[PlyCount "42"]
[EventDate "2022.09.12"]
[EventType "tourn"]
[EventRounds "9"]
[EventCountry "CAN"]

1. Nc3 d5 2. d4 e6 3. Bf4 a6 4. Nf3 Nf6 5. e3 Bb4 6. a3 Be7 7. Bd3 c5 8. Ne5
Nbd7 9. h4 Nxe5 10. Bxe5 b5 11. dxc5 Bxc5 12. Qf3 Bb7 13. Qg3 O-O 14. h5 Ne8
15. Bxg7 Nxg7 16. h6 Qf6 17. Bxh7+ Kh8 18. hxg7+ Qxg7 19. Bd3+ Kg8 20. Bh7+ Kh8
21. Qc7 d4 1-0

[Event "Toronto Closed-C"]
[Site "Toronto CAN"]
[Date "2022.10.31"]
[Round "7"]
[White "Guan, Daniel"]
[Black "Ghanbari, Nader Hadji"]
[Result "0-1"]
[WhiteElo "1872"]
[BlackElo "1952"]
[PlyCount "58"]
[EventDate "2022.09.12"]
[EventType "tourn"]
[EventRounds "9"]
[EventCountry "CAN"]

1. d4 Nf6 2. c4 e6 3. Nc3 Bb4 4. Qc2 O-O 5. Nf3 d5 6. e3 b6 7. cxd5 exd5 8. Bd3
c5 9. O-O c4 10. Be2 Bg4 11. Bd2 Nc6 12. Rfd1 Qd7 13. Be1 Bf5 14. Qc1 Rfe8 15.
a3 Bd6 16. Nd2 a6 17. Bf3 Bc7 18. b3 b5 19. b4 h5 20. Nf1 h4 21. h3 Bd3 22. Be2
Nxd4 23. exd4 Rxe2 24. Nxe2 Bxe2 25. Rd2 Bxf1 26. Kxf1 Bf4 27. Qc2 Bxd2 28.
Bxd2 Ne4 29. Re1 Qf5 0-1

[Event "Toronto Closed-C"]
[Site "Toronto CAN"]
[Date "2022.10.31"]
[Round "7"]
[White "Mohan, Abhinandan"]
[Black "Boross-Harmer, Peter"]
[Result "1-0"]
[WhiteElo "1933"]
[BlackElo "1916"]
[PlyCount "39"]
[EventDate "2022.09.12"]
[EventType "tourn"]
[EventRounds "9"]
[EventCountry "CAN"]

1. d4 c6 2. c4 d5 3. Nc3 Nf6 4. Nf3 g6 5. Bf4 Bg7 6. e3 O-O 7. Qb3 b6 8. Rc1
Ba6 9. Qa4 Bb7 10. h3 a6 11. Qb3 b5 12. a4 dxc4 13. Bxc4 c5 14. Ne5 bxc4 15.
Qxb7 cxd4 16. Qxa8 dxc3 17. bxc3 Qa5 18. O-O Nbd7 19. Nc6 Qc5 20. Qb7 1-0

[Event "Toronto Closed-C"]
[Site "Toronto CAN"]
[Date "2022.11.07"]
[Round "8"]
[White "Boross-Harmer, Peter"]
[Black "Hanratty, Brian"]
[Result "0-1"]
[WhiteElo "1916"]
[BlackElo "1917"]
[PlyCount "108"]
[EventDate "2022.09.12"]
[EventType "tourn"]
[EventRounds "9"]
[EventCountry "CAN"]

1. d4 Nf6 2. Nf3 e6 3. g3 c5 4. c3 Nc6 5. Bg2 d5 6. O-O Be7 7. Bf4 Qb6 8. b3
O-O 9. Ne5 cxd4 10. Nxc6 bxc6 11. cxd4 Bd7 12. Nc3 c5 13. e3 cxd4 14. exd4 Rfc8
15. Qd3 a5 16. Rfc1 h6 17. h4 a4 18. Nxa4 Bxa4 19. Rxc8+ Rxc8 20. bxa4 Qb2 21.
Rb1 Qxa2 22. Rb7 Bf8 23. Ra7 Qa1+ 24. Bf1 Ne4 25. a5 Rc3 26. Qb5 Qa2 27. Be2
Rc2 28. Qe8 Rxe2 29. Qxf7+ Kh7 30. Be3 Re1+ 31. Kg2 Rxe3 32. Qxf8 Rxg3+ 33. Kh2
Rg6 34. Ra8 Rf6 35. Qg8+ Kg6 36. Qe8+ Kf5 37. Qh5+ Ng5 38. hxg5 Qxf2+ 39. Kh3
hxg5 40. Rh8 Qf4 41. Qd1 g4+ 42. Kg2 Kg5 43. a6 Qe4+ 44. Kg1 Qe3+ 45. Kh1 Rf2
46. Rh2 Rxh2+ 47. Kxh2 Kh4 48. a7 g3+ 49. Kh1 Qe4+ 50. Kg1 Qe3+ 51. Kh1 Qe4+
52. Kg1 Qe3+ 53. Kh1 Qf2 54. Qg1 Kh3 0-1

[Event "Toronto Closed-C"]
[Site "Toronto CAN"]
[Date "2022.11.07"]
[Round "8"]
[White "Gauthier, David"]
[Black "Wang, Bingfei"]
[Result "1-0"]
[WhiteElo "1866"]
[BlackElo "1926"]
[PlyCount "83"]
[EventDate "2022.09.12"]
[EventType "tourn"]
[EventRounds "9"]
[EventCountry "CAN"]

1. e4 e6 2. d3 d5 3. Nd2 Nf6 4. Ngf3 Be7 5. g3 O-O 6. Bg2 b6 7. O-O Bb7 8. e5
Nfd7 9. Re1 c5 10. Nf1 Nc6 11. h4 Qc7 12. Bf4 b5 13. h5 c4 14. d4 a5 15. h6 g6
16. N1h2 b4 17. Ng4 a4 18. Bh3 a3 19. b3 cxb3 20. cxb3 Qb6 21. Nf6+ Nxf6 22.
exf6 Bxf6 23. Bd6 Rfe8 24. Bc5 Qa5 25. Qc1 e5 26. Bd7 e4 27. Bxe8 Rxe8 28. Qf4
Qd8 29. Rac1 Bh8 30. Qe3 f5 31. Ng5 Bf6 32. f4 Qd7 33. Nf3 Rd8 34. Ne5 Bxe5 35.
fxe5 Rb8 36. Qg5 Qe6 37. Rf1 Ba6 38. Rf2 Rc8 39. Bd6 Nxd4 40. Rxc8+ Bxc8 41.
Qd8+ Kf7 42. Qf8# 1-0

[Event "Toronto Closed-C"]
[Site "Toronto CAN"]
[Date "2022.11.07"]
[Round "8"]
[White "Ghanbari, Nader Hadji"]
[Black "Grisar, Charles"]
[Result "1-0"]
[WhiteElo "1952"]
[BlackElo "1911"]
[PlyCount "79"]
[EventDate "2022.09.12"]
[EventType "tourn"]
[EventRounds "9"]
[EventCountry "CAN"]

1. c4 Nf6 2. Nc3 g6 3. g3 Bg7 4. Bg2 d6 5. e4 c5 6. Nge2 Nc6 7. O-O e5 8. d3
Be6 9. Nd5 Nd4 10. Nxd4 cxd4 11. f4 Qd7 12. Nxf6+ Bxf6 13. f5 gxf5 14. exf5
Bxc4 15. dxc4 h5 16. Kh1 O-O-O 17. Bd2 Rdg8 18. Be4 Rg4 19. Bf3 Rg7 20. Qe2 Bd8
21. a4 Kb8 22. a5 Qxf5 23. Bxb7 Qd7 24. Be4 h4 25. g4 Rxg4 26. Ra3 Rhg8 27.
Rb3+ Kc8 28. Qxg4 Rxg4 29. Bf5 e4 30. Bxd7+ Kxd7 31. Rxf7+ Ke6 32. Rf4 Rxf4 33.
Bxf4 e3 34. Kg2 Bxa5 35. Kf3 Bb6 36. Rb5 Bc5 37. b4 Bb6 38. Rh5 Bd8 39. Rh6+
Kf5 40. Rxd6 1-0

[Event "Toronto Closed-C"]
[Site "Toronto CAN"]
[Date "2022.11.07"]
[Round "8"]
[White "Guan, Daniel"]
[Black "Mohan, Abhinandan"]
[Result "0-1"]
[WhiteElo "1872"]
[BlackElo "1933"]
[PlyCount "106"]
[EventDate "2022.09.12"]
[EventType "tourn"]
[EventRounds "9"]
[EventCountry "CAN"]

1. d4 Nf6 2. c4 e6 3. Nc3 Bb4 4. Bf4 b6 5. Nf3 Bb7 6. e3 Ne4 7. Qc2 O-O 8. Bd3
f5 9. O-O Bxc3 10. bxc3 d6 11. h3 Nd7 12. Rfd1 g5 13. Bh2 Ndf6 14. Nd2 Qe8 15.
Nf1 g4 16. hxg4 fxg4 17. Nd2 Nxf2 18. Kxf2 g3+ 19. Bxg3 Ne4+ 20. Kg1 Nxg3 21.
Bxh7+ Kg7 22. Nf1 Rxf1+ 23. Rxf1 Qh5 24. Bd3 Qh1+ 25. Kf2 Qxg2+ 26. Ke1 Qxc2
27. Bxc2 Nxf1 28. Kxf1 Rh8 29. Ke2 Rh2+ 30. Kd3 e5 31. e4 Bxe4+ 32. Kxe4 Rxc2
33. dxe5 dxe5 34. Kxe5 Rxc3 35. Rg1+ Kf7 36. Kd4 Rc2 37. a3 Ke6 38. Rg6+ Kd7
39. Rg7+ Kc6 40. Rg3 Ra2 41. Rh3 a5 42. Rb3 a4 43. Rh3 Rb2 44. Rh6+ Kb7 45. c5
b5 46. Rh3 Rb3 47. Rc3 Rxc3 48. Kxc3 c6 49. Kb4 Ka6 50. Kc3 Ka5 51. Kc2 b4 52.
axb4+ Kxb4 53. Kb2 Kxc5 0-1

[Event "Toronto Closed-C"]
[Site "Toronto CAN"]
[Date "2022.11.21"]
[Round "9"]
[White "Hanratty, Brian"]
[Black "Guan, Daniel"]
[Result "1/2-1/2"]
[WhiteElo "1917"]
[BlackElo "1872"]
[PlyCount "118"]
[EventDate "2022.09.12"]
[EventType "tourn"]
[EventRounds "9"]
[EventCountry "CAN"]

1. f4 Nf6 2. Nf3 g6 3. e3 Bg7 4. Be2 O-O 5. O-O d6 6. d3 Nbd7 7. e4 c5 8. Nc3
a6 9. a4 b6 10. Qe1 Bb7 11. h3 e5 12. f5 d5 13. Qh4 d4 14. Nd1 gxf5 15. exf5 e4
16. dxe4 Nxe4 17. f6 Ndxf6 18. Bd3 Qd5 19. Nf2 Rae8 20. Nxe4 Nxe4 21. b3 Qd8
22. Qf4 Qd6 23. Qh4 Qg3 24. Qh5 Nf6 25. Qf5 Bc8 26. Qf4 Nh5 27. Qxg3 Nxg3 28.
Re1 Rxe1+ 29. Nxe1 Re8 30. Bd2 Nf5 31. Bf4 Be5 32. Bxf5 Bxf5 33. Bxe5 Rxe5 34.
Nd3 Re2 35. a5 Bxd3 36. cxd3 b5 37. Rc1 Rd2 38. Rxc5 Rxd3 39. b4 Rc3 40. Kf2
Rb3 41. Rc6 Rxb4 42. Rxa6 Ra4 43. Ke2 Ra3 44. Ra7 Kg7 45. a6 b4 46. Rb7 Rxa6
47. Rxb4 Rd6 48. Kd3 Kf6 49. Rxd4 Rxd4+ 50. Kxd4 Kf5 51. g3 f6 52. Ke3 h5 53.
Kf3 Kg5 54. Ke4 f5+ 55. Kf3 h4 56. g4 fxg4+ 57. hxg4 h3 58. Kg3 h2 59. Kxh2
Kxg4 1/2-1/2

[Event "Toronto Closed-C"]
[Site "Toronto CAN"]
[Date "2022.11.21"]
[Round "9"]
[White "Mohan, Abhinandan"]
[Black "Ghanbari, Nader Hadji"]
[Result "0-1"]
[WhiteElo "1933"]
[BlackElo "1952"]
[PlyCount "108"]
[EventDate "2022.09.12"]
[EventType "tourn"]
[EventRounds "9"]
[EventCountry "CAN"]

1. d4 d5 2. c4 c6 3. Nc3 Nf6 4. Nf3 dxc4 5. a4 Bf5 6. e3 e6 7. Bxc4 Bb4 8. O-O
O-O 9. h3 Nbd7 10. Nh4 Bg6 11. Nxg6 hxg6 12. Qf3 Qa5 13. Ne2 Qf5 14. Nf4 Rad8
15. Nd3 Bd6 16. Bd2 e5 17. Bc3 Qxf3 18. gxf3 e4 19. Ne5 Bxe5 20. dxe5 Nd5 21.
Bxd5 cxd5 22. fxe4 dxe4 23. Rfd1 Nc5 24. Bb4 b6 25. Rd4 Nb3 26. Bxf8 Nxd4 27.
exd4 Kxf8 28. Rd1 f6 29. f4 exf3 30. exf6 gxf6 31. Kf2 Ke7 32. Kxf3 Rh8 33. Kg3
Rc8 34. Rd3 Rc2 35. b3 Re2 36. Kf3 Rh2 37. Kg3 Re2 38. Kf3 Re1 39. Kf2 Rh1 40.
Kg2 Rc1 41. Kg3 Kd6 42. Rf3 Ke6 43. d5+ Ke5 44. Rd3 Kd6 45. Rf3 f5 46. Kf4 Kxd5
47. Rd3+ Ke6 48. Kg5 Rg1+ 49. Kh4 Kf6 50. Rd6+ Kg7 51. Rd8 f4 52. Ra8 f3 53. a5
f2 54. axb6 f1=Q 0-1

[Event "Toronto Closed-D"]
[Site "Toronto CAN"]
[Date "2022.09.12"]
[Round "1"]
[White "Abbarin, Shabnam"]
[Black "Tenkov, Arkady"]
[Result "0-1"]
[WhiteElo "1469"]
[BlackElo "1820"]
[PlyCount "68"]
[EventDate "2022.09.12"]
[EventType "tourn"]
[EventRounds "9"]
[EventCountry "CAN"]

1. e4 c6 2. d4 d5 3. exd5 cxd5 4. Bf4 Nf6 5. Nc3 a6 6. Bd3 Nc6 7. Rb1 Bg4 8. f3
Bh5 9. Nge2 e6 10. Be3 Bg6 11. a3 Bd6 12. Nf4 Qc7 13. Nce2 O-O 14. Bxg6 hxg6
15. c3 Rad8 16. Qc2 Rfe8 17. Nxg6 fxg6 18. Qxg6 Qf7 19. Qxf7+ Kxf7 20. Kd2 e5
21. Rbf1 Na5 22. Bg5 Nc4+ 23. Kc1 exd4 24. Nxd4 Bc5 25. Nc2 Ne3 26. Nxe3 Bxe3+
27. Bxe3 Rxe3 28. Kd2 Rde8 29. Rf2 Nd7 30. b3 Nc5 31. b4 Na4 32. Rc1 Nb6 33.
Rc2 Nc4+ 34. Kc1 Re1# 0-1

[Event "Toronto Closed-D"]
[Site "Toronto CAN"]
[Date "2022.09.12"]
[Round "1"]
[White "Adulfo, Vincent Angel"]
[Black "Liu, Sean"]
[Result "0-1"]
[WhiteElo "1654"]
[BlackElo "1532"]
[PlyCount "66"]
[EventDate "2022.09.12"]
[EventType "tourn"]
[EventRounds "9"]
[EventCountry "CAN"]

1. d4 e6 2. c4 d5 3. Nc3 Nf6 4. e3 Be7 5. Nf3 c6 6. Qc2 Nbd7 7. Be2 b6 8. cxd5
Nxd5 9. e4 Nxc3 10. bxc3 Bb7 11. O-O O-O 12. Bf4 c5 13. Rfd1 cxd4 14. cxd4 Rc8
15. Qd3 Nf6 16. Nd2 Bb4 17. Bf3 Bc3 18. Bg5 Qxd4 19. Qxd4 Bxd4 20. Rac1 Rxc1
21. Rxc1 h6 22. Bxf6 Bxf6 23. e5 Bxf3 24. exf6 Bd5 25. fxg7 Kxg7 26. Rc7 a5 27.
Nc4 b5 28. Ne5 Bxa2 29. h4 b4 30. Rb7 b3 31. Rb5 a4 32. Nc4 Rc8 33. Rb4 Rxc4
0-1

[Event "Toronto Closed-D"]
[Site "Toronto CAN"]
[Date "2022.09.12"]
[Round "1"]
[White "Quick, Bryan"]
[Black "Moran-Venegas, Mario"]
[Result "1-0"]
[WhiteElo "1713"]
[BlackElo "1732"]
[PlyCount "131"]
[EventDate "2022.09.12"]
[EventType "tourn"]
[EventRounds "9"]
[EventCountry "CAN"]

1. e4 c5 2. Nf3 d6 3. d4 cxd4 4. Nxd4 Nf6 5. Nc3 a6 6. f3 e5 7. Nb3 Be6 8. Be3
Be7 9. g4 h6 10. Qd2 Nbd7 11. O-O-O Nb6 12. Kb1 Nc4 13. Bxc4 Bxc4 14. h4 h5 15.
g5 Ng8 16. f4 Qc7 17. Nd5 Bxd5 18. Qxd5 f6 19. f5 Rc8 20. Rc1 Qc6 21. Qe6 Qc4
22. Qxc4 Rxc4 23. Nd2 Rc6 24. c4 Bd8 25. Nb3 Ne7 26. Rhd1 b6 27. Na1 a5 28. b3
Rf8 29. g6 Nc8 30. Nc2 Be7 31. Ne1 Kd7 32. Kb2 Rd8 33. Nf3 Kc7 34. Ng1 Na7 35.
Ne2 Kb7 36. Nc3 Rdc8 37. Nd5 Bf8 38. a3 Rd8 39. b4 axb4 40. axb4 Rdc8 41. Kb3
b5 42. Bxa7 bxc4+ 43. Kc3 Kxa7 44. Ra1+ Ra6 45. b5 Rxa1 46. Rxa1+ Kb7 47. b6
Rc6 48. Ra7+ Kb8 49. Rf7 Rc8 50. Nc7 Kb7 51. Ne6+ Kxb6 52. Rxf8 Rc6 53. Nxg7
Rc5 54. Ra8 d5 55. exd5 Rxd5 56. Nxh5 e4 57. Nxf6 Rxf5 58. Nxe4 Rh5 59. g7 Rxh4
60. g8=Q Rh3+ 61. Ng3 Rh2 62. Qd8+ Kb7 63. Qc8+ Kb6 64. Rb8+ Ka5 65. Qc5+ Ka6
66. Qb6# 1-0

[Event "Toronto Closed-D"]
[Site "Toronto CAN"]
[Date "2022.11.14"]
[Round "1"]
[White "Sirkovich, Daniel"]
[Black "D'Souza, Carina"]
[Result "1-0"]
[WhiteElo "1733"]
[BlackElo "1854"]
[PlyCount "53"]
[EventDate "2022.09.12"]
[EventType "tourn"]
[EventRounds "9"]
[EventCountry "CAN"]

1. e4 c5 2. Nf3 d6 3. d4 cxd4 4. Nxd4 Nf6 5. Nc3 a6 6. h3 e6 7. g4 Be7 8. g5
Nfd7 9. Be3 b5 10. a3 Bb7 11. f4 Nc6 12. Rg1 Nxd4 13. Qxd4 e5 14. Qd2 exf4 15.
Bxf4 Ne5 16. Be2 h6 17. O-O-O Ng6 18. gxh6 Nxf4 19. Qxf4 gxh6 20. Kb1 Qc7 21.
Bg4 Bg5 22. Qg3 Rd8 23. Nd5 Bxd5 24. Rxd5 Bf6 25. Bf5 Be5 26. Qg4 Qe7 27. Bc8
1-0

[Event "Toronto Closed-D"]
[Site "Toronto CAN"]
[Date "2022.09.12"]
[Round "1"]
[White "Tseng, Elliot"]
[Black "Kolpashnikova, Kamila"]
[Result "0-1"]
[WhiteElo "1518"]
[BlackElo "1490"]
[PlyCount "64"]
[EventDate "2022.09.12"]
[EventType "tourn"]
[EventRounds "9"]
[EventCountry "CAN"]

1. e4 c6 2. d4 d5 3. exd5 cxd5 4. c4 Nf6 5. Nc3 e6 6. Nf3 Nc6 7. c5 Ne4 8. Qc2
f5 9. Bb5 Bd7 10. a3 Be7 11. h4 Bf6 12. Be3 Qc7 13. g3 Qa5 14. Bxc6 bxc6 15. b4
Qa6 16. Ra2 h6 17. h5 O-O 18. Bf4 Be8 19. Nxe4 dxe4 20. Ne5 Rd8 21. Qb3 Rd5 22.
a4 Qb7 23. Rb2 a6 24. Rd2 Bf7 25. Qc4 Rb8 26. Nxc6 e5 27. Nxb8 Rxd4 28. Qxa6
Qxb4 29. Nc6 Qb1+ 30. Ke2 Qxh1 31. Qc8+ Bd8 32. Qxf5 Bc4+ 0-1

[Event "Toronto Closed-D"]
[Site "Toronto CAN"]
[Date "2022.09.19"]
[Round "2"]
[White "D'Souza, Carina"]
[Black "Adulfo, Vincent Angel"]
[Result "1-0"]
[WhiteElo "1854"]
[BlackElo "1654"]
[PlyCount "70"]
[EventDate "2022.09.12"]
[EventType "tourn"]
[EventRounds "9"]
[EventCountry "CAN"]

1. a3 Nf6 2. c4 d6 3. d4 e6 4. Nc3 Nbd7 5. e4 Be7 6. Nf3 e5 7. d5 a5 8. Qc2 O-O
9. Rb1 Nc5 10. b4 axb4 11. axb4 Ncxe4 12. Nxe4 Nxe4 13. Qxe4 f5 14. Qc2 e4 15.
Nd4 Bg5 16. Be2 Bd7 17. b5 Bxc1 18. Rxc1 e3 19. O-O f4 20. fxe3 fxe3 21. Rxf8+
Qxf8 22. Rf1 Qe7 23. Qd3 Qg5 24. Nf5 Re8 25. Rf3 Rf8 26. Nxe3 Rxf3 27. Bxf3 h5
28. Qe4 h4 29. Bg4 Bxg4 30. Nxg4 Qc1+ 31. Kf2 Qd2+ 32. Kf3 Qc3+ 33. Ne3 Qf6+
34. Qf4 Qg6 35. Qxh4 Qh5+ 1-0

[Event "Toronto Closed-D"]
[Site "Toronto CAN"]
[Date "2022.09.19"]
[Round "2"]
[White "Kolpashnikova, Kamila"]
[Black "Tenkov, Arkady"]
[Result "1-0"]
[WhiteElo "1490"]
[BlackElo "1820"]
[PlyCount "57"]
[EventDate "2022.09.12"]
[EventType "tourn"]
[EventRounds "9"]
[EventCountry "CAN"]

1. d4 Nf6 2. c4 e6 3. Nc3 b6 4. Nf3 Bb7 5. e3 Bb4 6. Be2 Bxc3+ 7. bxc3 Ne4 8.
Qc2 f5 9. Ba3 d6 10. Rd1 O-O 11. O-O Nd7 12. c5 bxc5 13. dxc5 Ndxc5 14. Bc4 Qf6
15. Nd4 Kh8 16. f3 Ng5 17. h4 Nf7 18. Bxc5 dxc5 19. Nxe6 Ne5 20. Nxf8 Nxc4 21.
Qb3 Ba6 22. Nd7 Qe7 23. Rfe1 Nxe3 24. Nb8 c4 25. Qb1 Bc8 26. Nc6 Qe8 27. Rd8
Qxd8 28. Nxd8 f4 29. Qe4 1-0

[Event "Toronto Closed-D"]
[Site "Toronto CAN"]
[Date "2022.09.19"]
[Round "2"]
[White "Liu, Sean"]
[Black "Quick, Bryan"]
[Result "1-0"]
[WhiteElo "1532"]
[BlackElo "1713"]
[PlyCount "57"]
[EventDate "2022.09.12"]
[EventType "tourn"]
[EventRounds "9"]
[EventCountry "CAN"]

1. e4 c5 2. c4 Nc6 3. Nc3 g6 4. Nf3 Bg7 5. Be2 d6 6. O-O Nf6 7. d3 O-O 8. Be3
Ng4 9. Bd2 a6 10. Ne1 h5 11. h3 Nf6 12. f4 e6 13. Nf3 Nd4 14. Nxd4 cxd4 15. Nb1
Bd7 16. Be1 b5 17. cxb5 axb5 18. Bf3 Rc8 19. Bh4 Rc5 20. b4 Rc3 21. Nxc3 dxc3
22. e5 Qb6+ 23. Bf2 Qc7 24. exf6 Bxf6 25. Qc2 d5 26. Bc5 Ra8 27. d4 Qxf4 28.
Qxc3 e5 29. Bxd5 1-0

[Event "Toronto Closed-D"]
[Site "Toronto CAN"]
[Date "2022.11.28"]
[Round "2"]
[White "Moran-Venegas, Mario"]
[Black "Abbarin, Shabnam"]
[Result "1/2-1/2"]
[WhiteElo "1732"]
[BlackElo "1469"]
[PlyCount "150"]
[EventDate "2022.09.12"]
[EventType "tourn"]
[EventRounds "9"]
[EventCountry "CAN"]

1. c4 e6 2. g3 Nf6 3. Bg2 Nc6 4. e3 Be7 5. Ne2 O-O 6. d4 d5 7. cxd5 exd5 8. O-O
Bf5 9. a3 Qd7 10. Nf4 Nd8 11. Nc3 c6 12. Nce2 Bd6 13. b4 Ne6 14. Nd3 Rfe8 15.
Nc5 Bxc5 16. dxc5 Ng5 17. Nf4 Nh3+ 18. Nxh3 Bxh3 19. Bb2 Bxg2 20. Kxg2 Ne4 21.
Qd4 f6 22. Rad1 Ng5 23. f4 Qh3+ 24. Kg1 Ne4 25. Rf3 h5 26. Qd3 h4 27. Qf1 Qxf1+
28. Kxf1 hxg3 29. hxg3 Kf7 30. Kg2 Rh8 31. Rh1 Rxh1 32. Kxh1 Re8 33. Bc1 f5 34.
Kg2 Kg6 35. Rf1 Rh8 36. Rg1 Nf6 37. Rh1 Rxh1 38. Kxh1 Kh5 39. Bb2 Ne4 40. Bxg7
Nxg3+ 41. Kg2 Kh4 42. Bd4 Ne4 43. Bb2 Nd2 44. Kf2 Nc4 45. Bc1 b6 46. cxb6 axb6
47. a4 c5 48. bxc5 bxc5 49. Ke2 Na5 50. Bd2 Nc6 51. a5 Nb8 52. Bc3 Na6 53. Be5
Kg3 54. Bd6 Kg2 55. Be5 Nb4 56. Bc3 Na6 57. Be1 c4 58. Bc3 Nc7 59. Bd4 Na6 60.
Bb6 Nb4 61. Kd2 Kf3 62. Kc3 Na6 63. Kd4 Nb4 64. Bc5 Nc6+ 65. Kxd5 Nxa5 66. Bd4
Ke2 67. Ke6 Nc6 68. Bc5 c3 69. Kxf5 c2 70. Ba3 Kxe3 71. Kg5 Ke4 72. f5 Ke5 73.
f6 Nd8 74. Kg6 Ke6 75. Bb2 Nf7 1/2-1/2

[Event "Toronto Closed-D"]
[Site "Toronto CAN"]
[Date "2022.09.19"]
[Round "2"]
[White "Tseng, Elliot"]
[Black "Sirkovich, Daniel"]
[Result "1/2-1/2"]
[WhiteElo "1518"]
[BlackElo "1773"]
[PlyCount "128"]
[EventDate "2022.09.12"]
[EventType "tourn"]
[EventRounds "9"]
[EventCountry "CAN"]

1. e4 c6 2. d4 d5 3. exd5 cxd5 4. c4 Nf6 5. Nc3 e6 6. c5 Nc6 7. Nf3 Be7 8. Bb5
Bd7 9. a3 O-O 10. Qc2 b6 11. b4 bxc5 12. dxc5 Qc7 13. O-O Rab8 14. g3 Nh5 15.
Bd3 h6 16. Bb2 Bf6 17. Rfe1 Rfc8 18. Nb5 Nxb4 19. axb4 Bxb5 20. Bh7+ Kh8 21.
Ne5 Be8 22. g4 Nf4 23. Bc3 d4 24. Bxd4 Rxb4 25. Bc3 Qxc5 26. Bxb4 Qxc2 27. Bxc2
Rxc2 28. Rxa7 Nh3+ 29. Kg2 Nxf2 30. Kg3 Bxe5+ 31. Rxe5 Nh1+ 32. Kf3 Bc6+ 33.
Ke3 Rb2 34. Bc3 Rf2 35. g5 Rf3+ 36. Kd4 Nf2 37. gxh6 gxh6 38. Rc7 Rd3+ 39. Kc4
Bd5+ 40. Kb4 Kg8 41. Rh5 Ng4 42. h3 Rxc3 43. Kxc3 Nf6 44. Rxh6 Kg7 45. Rh4 Ne4+
46. Kd4 Nd6 47. Rg4+ Kf6 48. Rc1 Nf5+ 49. Kd3 Ke5 50. Re1+ Kd6 51. Re2 Bf3 52.
Rd2 Bxg4 53. Ke4+ Ke7 54. hxg4 Nd6+ 55. Kf4 e5+ 56. Kf3 f6 57. Ra2 Ke6 58. Ra6
Kd5 59. Ra5+ Kd4 60. Ra6 Kd5 61. Ra5+ Ke6 62. Rc5 f5 63. gxf5+ Nxf5 64. Rxe5+
Kxe5 1/2-1/2

[Event "Toronto Closed-D"]
[Site "Toronto CAN"]
[Date "2022.09.26"]
[Round "3"]
[White "Abbarin, Shabnam"]
[Black "Liu, Sean"]
[Result "0-1"]
[WhiteElo "1469"]
[BlackElo "1532"]
[PlyCount "60"]
[EventDate "2022.09.12"]
[EventType "tourn"]
[EventRounds "9"]
[EventCountry "CAN"]

1. e4 c5 2. Nf3 Nc6 3. d4 cxd4 4. Nxd4 d6 5. Nc3 Nf6 6. Bc4 g6 7. f3 Bg7 8. Be3
Bd7 9. Qd2 a6 10. a3 Rc8 11. Ba2 b5 12. g4 Ne5 13. h4 Qb6 14. O-O-O Qb8 15. h5
b4 16. axb4 Qxb4 17. hxg6 hxg6 18. Rxh8+ Bxh8 19. Rh1 Bg7 20. Qh2 Bxg4 21. fxg4
Nexg4 22. Qd2 e5 23. Nf3 Nxe4 24. Nxe4 Qxe4 25. Bxf7+ Ke7 26. Re1 Qxf3 27. Bxg6
Nxe3 28. Rxe3 Qf6 29. Rg3 Qf1+ 30. Qd1 Bh6+ 0-1

[Event "Toronto Closed-D"]
[Site "Toronto CAN"]
[Date "2022.09.26"]
[Round "3"]
[White "Adulfo, Vincent Angel"]
[Black "Tseng, Elliot"]
[Result "1-0"]
[WhiteElo "1654"]
[BlackElo "1518"]
[PlyCount "59"]
[EventDate "2022.09.12"]
[EventType "tourn"]
[EventRounds "9"]
[EventCountry "CAN"]

1. d4 Nf6 2. c4 e6 3. Nc3 Bb4 4. Qc2 O-O 5. e3 d5 6. Nf3 b6 7. a3 Be7 8. Bd2
Ba6 9. b3 c5 10. Bd3 Nc6 11. cxd5 Bxd3 12. Qxd3 Nxd5 13. O-O cxd4 14. exd4 Rc8
15. b4 Bf6 16. Ne4 h6 17. Rac1 Qd7 18. b5 Nce7 19. Nxf6+ Nxf6 20. Bb4 Nfd5 21.
Bd2 Rfd8 22. Rxc8 Rxc8 23. Ne5 Qe8 24. Rc1 Rxc1+ 25. Bxc1 f6 26. Ng4 Qc8 27.
Bd2 Nf5 28. Ne3 Nf4 29. Nxf5 Nxd3 30. Ne7+ 1-0